000 00342nam a2200133Ia 4500
008 240112s1956 NOV xx 000 0 und d
022 _a54-6097
041 _aeng
082 _a618.92705
100 _aBIGLER J.A.
245 _aPEDIATRIC CLINICS OF NORTH AMERICA: THE CHILD MONTH
260 _bSAUNDERS
_c1956 NOV
300 _a1137,HB
999 _c1141485
_d1141485